| 000 | 00528nam a2200193Ia 4500 | ||
|---|---|---|---|
| 005 | 20250326143552.0 | ||
| 008 | 250326s9999 xx 000 0 und d | ||
| 020 | _a81-7881-491-9 | ||
| 037 | _aTextbook | ||
| 040 |
_aFMSL _beng _cFMSL |
||
| 041 |
_aeng _2eng |
||
| 084 |
_aX:51 P5 _qFMSL |
||
| 100 | _aSuresh K | ||
| 245 | 0 |
_aEthical marketing perspectives and applications _cSuresh K |
|
| 260 |
_aIndia _bIndia, ICFAI University _c2005 |
||
| 300 | _a183p | ||
| 942 |
_cTB _hX:51 P5 |
||
| 999 |
_c1300112 _d1300112 |
||